Permasalahan remaja dan kaedah mengatasinya : bahagian 1

Bibliographic Details
Main Author: Fauziah Abd Ralip
Format: Book
Published: KL : Pustaka Segar , 2003
Series:Siri motivasi & kaunseling remaja
Subjects:

MARC

LEADER 00000cam a2200000 7i4500
001 0000007441
005 20130118.0
008 130118
020 |a 9832337992 
090 0 0 |a 305.242   |b FAU 
100 0 |a Fauziah Abd Ralip 
245 1 0 |a Permasalahan remaja dan kaedah mengatasinya :   |b bahagian 1   |c Fauziah Abd Ralip 
260 |a KL :   |b Pustaka Segar ,   |c 2003 
440 |a Siri motivasi & kaunseling remaja 
650 0 |a Adolescence 
650 0 |a Teenagers 
650 0 |a Young adults 
650 0 |a Youth conduct of life 
999 |a 0000120677   |b Book   |c Adult Collection   |e Cawangan Bandar Penawar 
999 |a 0000835556   |b Book   |c Adult Collection   |e Cawangan Pontian 
999 |a 0000854910   |b Book   |c Adult Collection   |e Cawangan Tmn. Ungku Tun Aminah 
999 |a 0000879760   |b Book   |c Adult Collection   |e Cawangan Mersing 
999 |a 0001206773   |b Book   |c Adult Collection   |e Cawangan Bandar Penawar 
999 |a 0001206774   |b Book   |c Adult Collection   |e Perbadanan Perpustakaan Awam Johor 
999 |a 0001206775   |b Book   |c Adult Collection   |e Cawangan Muar